U.S. Presidential Elections - Sudden Death - Statistics

General Stats
  • This quiz has been taken 53 times
    44 since last reset
  • The average score is 2 of 18
Answers on the Grid
Answers color-coded by a green-red scale on the quiz's grid according to % correct below.
1788
1792
1796
1800
1804
1808
1812
1816
1820
1824
1828
1832
1836
1840
1844
1848
1852
1856
1860
1864
1868
1872
1876
1880
1884
1888
1892
1896
1900
1904
1908
1912
1916
1920
1924
1928
1932
1936
1940
1944
1948
1952
1956
1960
1964
1968
1972
1976
1980
1984
1988
1992
1996
2000
2004
2008
2012
2016
2020
2024
 
Answer Stats
Answer % Correct
2024
73%
1812
20%
2016
20%
1856
13%
1860
13%
1864
13%
1868
13%
1876
13%
1880
13%
1832
7%
1844
7%
1884
7%
1928
7%
1948
7%
1964
7%
1976
7%
1996
7%
1848
0%
No matching quizzes found
Score Distribution
Percent of People with Each Score
Percentile by Number Answered
Your Score History
You have not taken this quiz since the last reset